| 000 | 00346nam a2200145Ia 4500 | ||
|---|---|---|---|
| 008 | 230917s9999||||xx |||||||||||||| ||und|| | ||
| 040 |
_e47277 _aMAIN |
||
| 041 | _aEnglish | ||
| 082 | _a822.33 S15L | ||
| 100 | _aShakespeare, William | ||
| 245 | 0 | _aLove's labour's lost | |
| 260 |
_aNew York _bDover _c1964 |
||
| 300 | _axx, 401 p. | ||
| 942 | _cBK | ||
| 999 |
_c63062 _d63062 |
||